Για τη διαλεκτική

Saved in:
Bibliographic Details
Main Author: Della Volpe, Galvano, 1895-1968
Other Authors: Ζορμπά, Μυρσίνη, 1949- (trlf)
Format: Book
Language:Greek
Italian
Published: Αθήνα : Οδυσσέας, c1977.
Series:Κλασικοί μαρξιστές (Οδυσσέας)
Subjects:
Tags: Add Tag
No Tags, Be the first to tag this record!

MARC

LEADER 00000cam a2200000 i 4500
001 1/14481
008 980512s1977 gr | ||| |||| ||gre||
035 |l 10019436 
040 |a GR-MyUA  |b gre  |e AACR2 
041 1 |a gre  |h ita 
082 7 |a 146.32   |2 (22) 
082 7 |a 335.4112   |2 (23) 
100 1 |a Della Volpe, Galvano,   |d 1895-1968. 
245 1 0 |a Για τη διαλεκτική /   |c Γκαλβάνο Ντέλα Βόλπε. 
260 |a Αθήνα :   |b Οδυσσέας,   |c c1977.  
300 |a 74 σ. ;   |c 21 εκ. 
490 1 |a (Κλασικοί μαρξιστές / Οδυσσέας) 
500 |a Τίτλοι πρωτοτύπων: Sulla dialettica - Chiave della dialettica storica - Dialectica in nuce. 
500 |a Περιλαμβάνονται τρία δοκίμια του συγγραφέα. 
504 |a Περιλαμβάνει βιβλιογραφικές παραπομπές. 
650 0 |a Dialectical materialism. 
650 0 |a Dialectic. 
650 0 |a Philosophy. 
700 1 |a Ζορμπά, Μυρσίνη,   |d 1949-  |e trlf 
830 0 |a Κλασικοί μαρξιστές (Οδυσσέας) 
852 |a INST  |b LESVOS  |e 19980512  |h 146.32 DEL  |p 005100014084  |q 005100014084  |t BK  |y 0 
852 |a INST  |b RHODES  |c AKA  |e 20040209  |h  146.32 DEL  |p 005400019769  |q 005400019769  |t BK  |y 0 
852 |a INST  |b SYROS  |e 20210401  |h 335.4112 DEL  |p 005500014319  |q 005500014319  |t BK  |y 0 
901 |a BIBL-1998-2 
901 |a BIBL4-2004-1 
922 |a 1ΕΛΗ  |b 199804  |c ΚΠΣ/ΤΚΑ  |d EMVASIS 
950 |a 117-1998-01-28